| 000 | 00607nam a2200205Ii 4500 | ||
|---|---|---|---|
| 003 | JO-AjNU | ||
| 008 | 230605s9999||||xx |||||||||||||| ||und|| | ||
| 040 |
_aJO-AjNU _bara _erda _cJO-AjNU |
||
| 041 | _aara | ||
| 050 | 1 | 4 | _aPR6005.H66.T712 1980 |
| 100 | 3 |
_aكرستي، اجاتا, _eauthor _957463 |
|
| 245 | 0 | 0 | _aالمصيدة |
| 250 | _aط1 | ||
| 264 | 3 | 1 | _aبيروت: المكتبة الثقافية، 1980 |
| 300 | _a133ص | ||
| 336 |
_atext _btxt _2rdacontent |
||
| 337 |
_aunmediated _bn _2rdamedia |
||
| 338 |
_avolume _bnc _2rdacarrier |
||
| 650 | 4 |
_aالقصص الانجليزية _957464 |
|
| 999 |
_aA25754 _c29322 _d29322 |
||